Paolo e le tre colonne del mondo (Record n. 339335)

Dettagli MARC
000 -LEADER
fixed length control field 01920nam a2200253Ia 4500
001 - CONTROL NUMBER
control field 227.07-STA be pa (22530)
003 - CONTROL NUMBER IDENTIFIER
control field IT-MiSPE
005 - DATE AND TIME OF LATEST TRANSACTION
control field 20250305075702.0
008 - FIXED-LENGTH DATA ELEMENTS--GENERAL INFORMATION
fixed length control field 171229s9999||||xx |||||||||||||| ||und||
040 ## - CATALOGING SOURCE
Original cataloging agency IT-MiSPE
Transcribing agency IT-MiSPE
041 ## - LANGUAGE CODE
Language code of text/sound track or separate title ITALIANO
999 ## - SYSTEM CONTROL NUMBERS (KOHA)
Koha Dewey Subclass [OBSOLETE] NO
100 ## - MAIN ENTRY--PERSONAL NAME
Personal name Benoît Standaert
9 (RLIN) 61751
240 ## - UNIFORM TITLE
Uniform title L'apôtre Paul selon les trois colonnes du monde
245 #0 - TITLE STATEMENT
Title Paolo e le tre colonne del mondo
250 ## - EDITION STATEMENT
Edition statement 1a ed. (v)
260 ## - PUBLICATION, DISTRIBUTION, ETC. (IMPRINT)
Place of publication, distribution, etc. Cinisello B.mo
Name of publisher, distributor, etc. San Paolo
Date of publication, distribution, etc. 2014
300 ## - PHYSICAL DESCRIPTION
Extent 207 p.
Dimensions 21 cm
490 ## - SERIES STATEMENT
Series statement Parola di Dio: II serie
Volume/sequential designation 76
501 ## - WITH NOTE
With note Edizioni San Paolo srl - Piazza Soncino, 5 - 20092 CINISELLO BALSAMO (MI) (non commercial uses only) ® Copyright 2018
520 ## - SUMMARY, ETC.
Summary, etc. Benoît Standaert, monaco benedettino, è conosciuto per il suo scritto su "Le tre colonne del mondo", lo studio della Parola, la preghiera e le opere di misericordia che, come affermava Simone il Giusto alla fine del III secolo a.C., reggono il mondo. In questo volume, l'Autore propone di riconsiderare in quest'ottica l'insieme degli scritti di san Paolo. È un'idea vincente: l'apostolo dei gentili dimostra di essere un autentico doctor caritatis, un uomo esercitato nell'arte della preghiera, un discepolo esemplare della lectio divina. La chiave di lettura offerta dalle pagine del benedettino belga consente un approccio originale e integrato alle lettere paoline, testi indubbiamente complessi, spesso conosciuti solo nell'inevitabile frammentarietà di una presentazione liturgica. Questo saggio, che esprime grande familiarità con la Scrittura, indica a ogni lettore piste efficaci per accedere alla Bibbia e inoltrarsi in essa, per pregare, per vivere l'amore cristiano sulle orme dell'apostolo Paolo. Una lettura unitaria degli scritti di San Paolo sotto l'ottica delle tre colonne del mondo.
700 ## - ADDED ENTRY--PERSONAL NAME
Personal name Gioietta Casella
Miscellaneous information (traduzione)
9 (RLIN) 61752
942 ## - ADDED ENTRY ELEMENTS (KOHA)
Koha item type LIBRO
Source of classification or shelving scheme Dewey Decimal Classification
Dati di copia
Withdrawn status Lost status Damaged status Not for loan Home library Current library Date acquired Total Checkouts Full call number Date last seen Price effective from Koha item type Public note
    Buone Condizioni Not For Loan CINISELLO CINISELLO 30/12/2017   227.07-STA be pa (22530) 30/12/2017 30/12/2017 LIBRO (data import: 20 dicembre 2017) - By Epidotti, Vaglietti.
CREDITS: SOCIETA' SAN PAOLO Via A.Severo, 58 - ROMA (RM) & PERIODICI SAN PAOLO SRL Via Giotto, 36 MILANO & CISF Via Giotto, 36 MILANO & EDIZIONI SAN PAOLO SRL,  Piazza Soncino, 5 CINISELLO BALSAMO (MI) -- ITALY